|
|
|
|
| LEADER |
00000cam a2200000 a 4500 |
| 001 |
vtls011739791 |
| 003 |
SK-MaSNL |
| 005 |
20260301095108.0 |
| 008 |
240318s2017 xo hol g n 000 0dslo |
| 015 |
|
|
|a SNBA2018/05
|
| 020 |
|
|
|a 9788097220457
|q (viaz.)
|
| 035 |
|
|
|a urn:nbn:sk:snk-am00csir
|
| 035 |
|
|
|a urn:nbn:sk:snk-am3he9q
|
| 035 |
|
|
|a 01BFA804-8C1B-489D-A2CF-2A646FF2DCFB
|
| 040 |
|
|
|a SNK
|b slo
|c SNK
|e AACR2
|
| 041 |
0 |
|
|a slo
|
| 043 |
|
|
|a e-xo---
|
| 044 |
|
|
|a xo
|c SK
|
| 072 |
|
7 |
|a 630
|x Lesníctvo
|2 konspekt
|
| 072 |
|
7 |
|a 371
|x Školstvo (organizácia)
|2 konspekt
|
| 080 |
|
|
|a 630
|2 2011
|
| 080 |
|
|
|a 630(091)
|2 2011
|
| 080 |
|
|
|a (437.6)
|2 2011
|
| 080 |
|
|
|a (048.8)
|2 2011
|
| 080 |
|
|
|a 929
|2 2011
|
| 080 |
|
|
|a 373/378
|2 2011
|
| 080 |
|
|
|a (082.2)
|2 2011
|
| 100 |
1 |
|
|a Stockmann, Viliam,
|d 1942-
|4 aut
|9 242316
|
| 245 |
1 |
0 |
|a Dejiny lesníckeho školstva v Banskej Štiavnici
|c Viliam Stockmann
|
| 260 |
|
|
|a Banská Bystrica
|b Lesy SR
|c 2017
|
| 300 |
|
|
|a 936 s.
|b faks., fotogr., tab.
|c 26 cm
|
| 490 |
1 |
|
|a Patina
|v 16. zv.
|
| 500 |
|
|
|a Publikácia je vydaná z príležitosti 100. výročia Strednej odbornej školy lesníckej v Banskej Štiavnici (1919-2019)
|
| 504 |
|
|
|a Bibliografia na strane 931-933
|
| 610 |
2 |
7 |
|a Stredná odborná škola lesnícka (Banská Štiavnica, Slovensko)
|2 SNKKA
|9 429906
|
| 610 |
2 |
7 |
|a Vysoká škola lesnícka a drevárska vo Zvolene
|2 SNKKA
|9 163432
|
| 648 |
|
7 |
|a 19.-21. stor.
|2 SNKPH
|9 310626
|
| 648 |
|
7 |
|a 19th-21st centuries
|2 SNKPHeng
|9 316830
|
| 650 |
0 |
7 |
|a lesníctvo
|2 SNKPH
|9 1255
|
| 650 |
0 |
7 |
|a dejiny lesníctva
|2 SNKPH
|9 74601
|
| 650 |
0 |
7 |
|a Forestry
|2 SNKPHeng
|9 265216
|
| 650 |
0 |
7 |
|a History of forestry
|2 SNKPHeng
|9 328712
|
| 650 |
0 |
7 |
|a Celebrities
|2 SNKPHeng
|9 265203
|
| 650 |
0 |
7 |
|a školy
|2 SNKPH
|9 1276
|
| 650 |
0 |
7 |
|a Schools
|2 SNKPHeng
|9 274711
|
| 650 |
0 |
7 |
|a osobnosti
|2 SNKPH
|9 29820
|
| 651 |
|
7 |
|a Banská Štiavnica (Slovensko)
|2 SNKPHgeo
|9 16373
|
| 651 |
|
7 |
|a Banská Štiavnica (Slovakia)
|2 SNKPHeng
|9 265898
|
| 651 |
|
7 |
|a Zvolen (Slovensko)
|2 SNKPHgeo
|9 14595
|
| 651 |
|
7 |
|a Zvolen (Slovakia)
|2 SNKPHeng
|9 265535
|
| 655 |
|
7 |
|a monografie
|2 SNKPH
|9 70139
|
| 655 |
|
7 |
|a Monographs
|2 SNKPHeng
|9 120675
|
| 655 |
|
7 |
|a jubilejné publikácie
|2 SNKPH
|9 70339
|
| 655 |
|
7 |
|a Jubilee books
|2 SNKPHeng
|9 281827
|
| 830 |
|
0 |
|a Patina
|9 411836
|
| 852 |
|
|
|a Štátna vedecká knižnica v Banskej Bystrici
|
| 919 |
|
|
|a 978-80-972204-5-7
|
| 958 |
|
|
|a NB
|
| 999 |
|
|
|c 682175
|d 684105
|
| 952 |
|
|
|a SNK
|b SNK
|y PREZ
|7 0
|p 17A1323644
|o snkSB 92686
|i snk2018/8015
|8 0
|0 0
|1 0
|4 0
|d 2018-04-06
|f 1
|l 0
|r 2025-05-14 00:00:00
|w 2026-02-23
|
| 952 |
|
|
|a SNK
|b SNKPULT
|y VYP
|7 0
|p 17A1323645
|o snkSB 92686 D1
|i snk2018/8016
|8 0
|0 0
|1 0
|4 0
|d 2018-04-06
|l 1
|q 2026-05-25
|r 2026-04-24 14:06:35
|s 2026-04-24
|w 2026-02-23
|
| 952 |
|
|
|t snkSTO 630:371(091)
|a SNKUST
|b SNKUST
|y PREZ
|7 0
|p 17A1324036
|o snkSB 92686 D2
|i snk2018/8861
|8 0
|0 0
|1 0
|4 0
|d 2018-04-19
|l 0
|r 2025-04-28 00:00:00
|w 2026-02-23
|